121_ Personnalités nées un 1er mai par images - Statistiques

Statistiques générales
  • Ce quiz a été pris 36 fois
  • Le résultat moyen est 3 sur 9
Statistiques - réponses
Par images Hint Réponse % Correct
Chanteuse Zaz
97%
Nageur Alain Bernard
74%
Rugbyman Romain Ntamack
51%
Actrice Catherine Frot
40%
Éclaireuse Calamity Jane
26%
Vidéaste Charli D'Amelio
20%
Actrice Rebecca Hampton
17%
Ingénieur Sébastien Le Prestre de Vauban
11%
Acteur Jamie Dornan
9%
Aucun quiz correspondant
Distribution des résultats
% des personnes avec chaque résultat
Percentile par nombre de réponses
Votre historique - résultats
Vous n’avez pas pris ce quiz